000 00706nam a2200241 i 4500
001 C2-0109385
003 PPAK
005 20180727102941.0
008 970624s1987 my a|||| ||||| | eng d
020 _a9679781631
040 _aPPAK
_beng
_cPPAK
_erda
082 0 4 _a923.1599
_223
090 0 0 _a923.1599
_bCRI
_dKK
100 1 _aCrisostomo, Isabelo T.,
_eauthor
245 1 0 _aCory :
_bprofile of a president
264 1 _aPetaling Jaya, Selangor :
_bPelanduk ,
_c1987
300 _axvi, 323 pages :
_billustrations ;
_c22 cm
336 _2rdacontent
_atext
337 _2rdamedia
_aunmediated
338 _2rdacarrier
_avolume
650 1 0 _aHeads of state - Biography - Phillipines
942 _ddc
_cB
999 _c27216
_d27216